Vista normal Vista MARC

Entrada Materia (personas)

Número de registros utilizados en: 3

001 - CONTROL NUMBER

  • control field: 104494

003 - CONTROL NUMBER IDENTIFIER

  • control field: Co-BoUCM

005 - DATE AND TIME OF LATEST TRANSACTION

  • control field: 20210805110536.0

008 - FIXED-LENGTH DATA ELEMENTS

  • fixed length control field: 210805|| aca||aabn | a|a d

040 ## - CATALOGING SOURCE

  • Original cataloging agency: Co-BoUCM
  • Transcribing agency: Co-BoUCM

100 ## - HEADING--PERSONAL NAME

  • Personal name: Ministerio del interior y de justicia

670 ## - SOURCE DATA FOUND

  • Source citation: Work cat.: (Co-BoUCM)315987: Ministerio del interior y de justicia, Estatuto general de contratacion administrativa, 1995